02242nam a2200277 a 4500001001000000005001700010008004100027041000800068044000700076084002100083100004500104245013900149260004700288300002200335500047200357500038000829500042301209500000901632650005201641650005601693650003401749650004501783700003601828700005001864740005001914BRCA_244720190320203820.0181108s1814----fr-a---###---#000-0dspa-u aspa afr a088b.B677c18141 aCervantes Saavedra, Miguel ded1547-161610aEl Ingenioso Hidalgo Don Quixote de la Manchaccompuesto por Miguel de Cervantes Saavedra bajo la dirección de José René Masson. aParís : LondresbBossange y Massonc1814 a7 v.bil.c15 cm. aContenido : v 1. Retrato de Cervantes. Advertencia de los editores. Licencia de S. M.. Prólogo de la Real Academia. Vida de Cervantes y análisis del Quixote por V. de los Ríos. -- v 2. Primera parte. Principios de la edición príncipe. Dedicatoria. Prólogo del autor. Versos preliminares. Texto -- v 3. Texto. -- v 4. Texto. -- v 5. Segunda parte. Principios de la edición príncipe. Dedicatoria. Prólogo del autor. Texto. -- v 6. Texto. -- v 7. Texto aEdición : Nueva edición, conforme en todo a la de la Real Academia Española hecha en Madrid en 1782. Además del Juicio crítico y análisis del Quixote. Plan cronológico de sus viajes, la Vida de Cervantes y los documentos que la comprueban, comprehendidos en la dicha edición de la Academia, se han añadido a esta las notas críticas y curiosas. Don Quijote aExceptuando las notas de J. A. Pellicer que se adicionaron, en todo lo demás es una copia de la edición de la Academia de 1782, con las mismas láminas reducidas a menor tamaño y grabadas de nuevo por artistas franceses. Tanto en la parte literaria como en la tipográfica, se nota el cariño y esmero con que fue hecha esta edición. Semipiel; lomeras adornadas con filetes y letras dorados Lúdovik Osterc aQM7114aNovela españolayÉpoca clásica, 1500-170014aLiteratura españolayÉpoca clásica, 1500-170014aNovela españolaySiglo XVII14aDon Quijote (Personaje ficticio)eNovela1 aMasson, José RenéeImpresor1 aRíos, Vicente de losd1732-1779eBiógrafo0 aEl Ingenioso Hidalgo Don Quijote de la Mancha